Radiohead Discography (Hard) - Statistics

General Stats
  • This quiz has been taken 36 times
  • The average score is 14 of 29
Answer Stats
Year Type Name % Correct
1993 Solo Album Pablo Honey
97%
2000 Solo Album Kid A
91%
2021 Compilation Album Kid A Mnesia
91%
1998 EP Airbag / How Am I Driving?
88%
1997 EP No Surprises / Running From Demons
88%
1997 Solo Album OK Computer
88%
1995 Solo Album The Bends
88%
2001 Solo Album Amnesiac
78%
2007 Solo Album In Rainbows
72%
2007 EP In Rainbows Disk 2
72%
2008 Video Album In Rainbows - From The Basement
72%
2016 Solo Album A Moon Shaped Pool
66%
2011 Video Album King Of Limbs: Live From The Basement
66%
1992 EP Drill
63%
1994 EP My Iron Lung
50%
2001 Live Album I Might Be Wrong: Live Recordings
47%
2011 Solo Album King Of Limbs
44%
2003 Solo Album Hail To The Theif
41%
2004 EP COM LAG
31%
1994 EP Itch
16%
2004 Video Album Meeting People Is Easy
16%
2011 Remix Album TKOL RMX 1234567
16%
2017 Compilation Album OK Computer OKNOTOK 1997 2017
9%
1995 Video Album Live At The Astoria
6%
2008 Compilation Album Radiohead: The Best Of
6%
1998 Video Album 7 Television Commercials
3%
2019 Compilation Album Mini Discs
3%
2007 Compilation Album Radiohead Box Set
3%
2008 Video Album The Most Gigantic Lying Mouth Of All Time
3%
No matching quizzes found
Score Distribution
Percent of People with Each Score
Percentile by Number Answered
Your Score History
You have not taken this quiz